书目信息 |
| 题名: |
房屋建筑和市政工程勘察设计质量通病防治措施技术手册
|
|
| 作者: | 董勇 , 董勇 主编 | |
| 分册: | ||
| 出版信息: | 北京 中国建筑工业出版社 2022.03 |
|
| 页数: | 11, 701页 | |
| 开本: | 29cm | |
| 丛书名: | ||
| 单 册: | ||
| 中图分类: | TU22-62 , TU99-62 | |
| 科图分类: | ||
| 主题词: | 房屋建筑学--fang wu jian zhu xue--技术手册 , 市政工程--shi zheng gong cheng--技术手册 | |
| 电子资源: | ||
| ISBN: | 978-7-112-27033-0 | |
| 000 | 01500nam0 2200277 450 | |
| 001 | 28826 | |
| 005 | 20221011200346.75 | |
| 010 | @a978-7-112-27033-0@b精装@dCNY175.00 | |
| 100 | @a20220614d2022 em y0chiy50 ea | |
| 101 | 0 | @achi |
| 102 | @aCN@b110000 | |
| 105 | @aa a 000yy | |
| 200 | 1 | @a房屋建筑和市政工程勘察设计质量通病防治措施技术手册@Afang wu jian zhu he shi zheng gong cheng kan cha she ji zhi liang tong bing fang zhi cuo shi ji shu shou ce@e2021年版@f董勇主编@Fdong yong zhu bian |
| 210 | @a北京@c中国建筑工业出版社@d2022.03 | |
| 215 | @a11, 701页@c图@d29cm | |
| 314 | @a书内题: 董勇主编 | |
| 320 | @a有书目 (第701页) | |
| 330 | @a本书分为绪论、工程勘察、房屋建筑工程、市政工程、岩土工程五大部分, 按照现行勘察、设计标准及相关技术规定的要求, 以大量工程实际案例为分析对象, 列举房屋建筑和市政基础设施工程常见质量通病的现象, 分析产生的原因, 并汇集重庆市内外主要勘察、设计单位、施工图审查机构及有关专家近年来治理质量通病的经验和措施, 共提出2085项勘察设计质量通病, 使质量通病防治更加标准化、形象化、具体化, 具有适用面广、针对性强的特点, 旨在为住房和城乡建设主管部门以及广大建设、设计、施工图审查等单位的主要管理和技术人员提供一套集权威性、系统性、实用性为一体的工具书。 | |
| 606 | 0 | @a房屋建筑学@Afang wu jian zhu xue@j技术手册 |
| 606 | 0 | @a市政工程@Ashi zheng gong cheng@j技术手册 |
| 690 | @aTU22-62@v5 | |
| 690 | @aTU99-62@v5 | |
| 701 | 0 | @a董勇@Adong yong@4主编 |
| 701 | 0 | @a董勇@Adong yong@4主编 |
| 801 | 0 | @aCN@c20220910 |
| 905 | @a河南城建学院图书馆@dTU22-62@eD751@f1 | |
| 房屋建筑和市政工程勘察设计质量通病防治措施技术手册:2021年版/董勇主编.-北京:中国建筑工业出版社,2022.03 |
| 11, 701页:图;29cm |
| ISBN 978-7-112-27033-0(精装):CNY175.00 |
| 本书分为绪论、工程勘察、房屋建筑工程、市政工程、岩土工程五大部分, 按照现行勘察、设计标准及相关技术规定的要求, 以大量工程实际案例为分析对象, 列举房屋建筑和市政基础设施工程常见质量通病的现象, 分析产生的原因, 并汇集重庆市内外主要勘察、设计单位、施工图审查机构及有关专家近年来治理质量通病的经验和措施, 共提出2085项勘察设计质量通病, 使质量通病防治更加标准化、形象化、具体化, 具有适用面广、针对性强的特点, 旨在为住房和城乡建设主管部门以及广大建设、设计、施工图审查等单位的主要管理和技术人员提供一套集权威性、系统性、实用性为一体的工具书。 |
| ● |
| 相关链接 |
|
|
|
正题名:房屋建筑和市政工程勘察设计质量通病防治措
索取号:TU22-62/D751
 
预约/预借
| 序号 | 登录号 | 条形码 | 馆藏地/架位号 | 状态 | 备注 |
| 1 | 1581980 | 215819808 | 建筑库101/101建筑库 47排1列3层/ [索取号:TU22-62/D751] | 在馆 |